000
00259nam a2200109Ia 4500
008
210107s9999 xx 000 0 und d
100
_a
Varshney, C K
245
0
_a
Environmental challenges
260
_a
New Delhi
_b
Wiley Eastern
300
_a
131
942
_c
BK
999
_c
11304
_d
11304